000
00326nam a22001457a 4500
008
210521b ||||| |||| 00| 0 eng d
020
_a
9781418066314
041
_a
eng
080
_a
338
082
_a
338
100
_a
53
101
_a
MEN
245
_a
Construction Safety Management
_c
Paul Rosenberg
942
_2
udc
_c
BK
999
_c
57589
_d
57589